Thinking strategically about democracy assistance: (Record no. 3640)

MARC details
000 -LEADER
fixed length control field 00779nam a2200193 4500
003 - CONTROL NUMBER IDENTIFIER
control field LK-CoMWRAF
005 - DATE AND TIME OF LATEST TRANSACTION
control field 20240315140312.0
008 - FIXED-LENGTH DATA ELEMENTS--GENERAL INFORMATION
fixed length control field 230924b2001 |||||||| |||| 00| 0 eng d
022 ## - INTERNATIONAL STANDARD SERIAL NUMBER
International Standard Serial Number 9517243480
040 ## - CATALOGING SOURCE
Original cataloging agency LK-CoMWRAF
Modifying agency LK-CoMWRAF
Description conventions LK-CoMWRAF
041 ## - LANGUAGE CODE
Language code of text/sound track or separate title English
082 ## - DEWEY DECIMAL CLASSIFICATION NUMBER
Classification number 321.8
Item number THI
942 ## - ADDED ENTRY ELEMENTS (KOHA)
Koha item type Books
245 ## - TITLE STATEMENT
Title Thinking strategically about democracy assistance:
Remainder of title A handbook on democracy, human rights and good governance assistance in Finnish development co-operation
260 ## - PUBLICATION, DISTRIBUTION, ETC. (IMPRINT)
Place of publication, distribution, etc. Helsinki:
Name of publisher, distributor, etc. Ministry for foreign affairs,
Date of publication, distribution, etc. 2001
300 ## - PHYSICAL DESCRIPTION
Extent 90 p.
Other physical details Bibliography included
856 ## - ELECTRONIC LOCATION AND ACCESS
Uniform Resource Identifier <a href="https://um.fi/documents/35732/48132/thinking_strategically_about_democracy_assistance.pdf/b01de4a1-8f5a-ba23-d442-b7716bb3df36?t=1560452041776">https://um.fi/documents/35732/48132/thinking_strategically_about_democracy_assistance.pdf/b01de4a1-8f5a-ba23-d442-b7716bb3df36?t=1560452041776</a>
650 ## - SUBJECT ADDED ENTRY--TOPICAL TERM
Topical term or geographic name as entry element DEMOCRACY ASSISTANCE
Holdings
Withdrawn status Lost status Damaged status Not for loan Permanent Location Current Location Date acquired Full call number Barcode Koha item type
        Resource center, Muslim Women's Research And Action Forum Resource center, Muslim Women's Research And Action Forum 2023-09-24 321.8 THI RAF788 Books

Copyright © 2023 Muslim Women's Research and Action Forum (MWRAF), No 27/3, Anderson Road, Kalubowila, Dehiwela. Funded by The Asia Fundation